000 00991cam a2200217 4500
001 ABS63031
008 000000n2000 000 0 eng u
035 _a(Sirsi) u108957
100 _aStebbings, S.
245 _aSatisfaction guarantees
260 _c2000
490 _aBuilding
_v265 (8157) 13 October 2000, 84-85(2)
520 _aA new improved brand of performance bond is now available in the UK for significantly larger sums than was previously the case. Performance bonds for 50%, 80% or even 100% of the contract price are now available from a select group of insurers, and are cheaper than letters of credit. Due to the size of the cover insurers take a much greater interest than before, and are protected by step-in provisions. Also considers the uses of performance bonds.
590 _aABS
650 _aPERFORMANCE BONDS
650 _aPROJECT FINANCING
650 _aCONSTRUCTION PROJECTS
650 _aPFI PROJECTS
690 _aInsurance
_96249
942 _n0
999 _c65065
_d65065